Optimálne programovanie /

Salvato in:
Dettagli Bibliografici
Autore principale: Laščiak, Adam (xxx)
Natura: Libro
Lingua:slovacco
Pubblicazione: Bratislava : Alfa, 1983
Edizione:1.vyd.
Soggetti:
Tags: Aggiungi Tag
Nessun Tag, puoi essere il primo ad aggiungerne!!

MARC

LEADER 00000nam a22000003a 4500
001 stu40182
005 20150617225723.2
008 930406s1983----cs------------------slo-d
040 |a STU  |b slo 
041 0 |a slo 
044 |a cs 
080 |a 681.3 
080 |a 65.012.12(075.8) 
100 1 |a Laščiak, Adam  |4 xxx 
245 1 |a Optimálne programovanie /  |c Adam Laščiak a kol 
250 |a 1.vyd. 
260 |a Bratislava :  |b Alfa,  |c 1983 
300 |a 597 s 
650 7 |a Programovanie optimálne  |2 stusub 
996 |b 284M036035  |c M*1772-10  |l MMKN  |s A  |a 24  |w stu40182_0001 
996 |b 284M036032  |c M*1772-13  |l MMKN  |s A  |a 24  |w stu40182_0002 
996 |b 284M039868  |c M*1772-1  |l MMKN  |s A  |a 24  |w stu40182_0003 
996 |b 284M036033  |c M*1772-5  |l MMKN  |s A  |a 24  |w stu40182_0004 
996 |b 284M036031  |c M*1772-7  |l MMKN  |s A  |a 24  |w stu40182_0005 
996 |b 284M077503  |c M*1772-14  |l MMKN  |s A  |a 24  |w stu40182_0006